000 00720nam a2200205Ia 4500
003 GCL
008 140319s9999 xx 000 0 ara d
040 _aGCL /
_cGCL
082 0 4 _a813.0876
_bط أ
100 1 _aطيبة احمد الابراهيم
245 1 0 _aانقراض الرجل /
_cطيبة احمد الابراهيم
250 _aالاولى
260 _aالقاهرة :
_bالمؤسسة العربية الحديثة ،
_c1999
300 _a224 ص ؛
_c20 سم
490 _aاديبات نبع الاداب والثقافة المعاصرة
_v3
650 0 4 _aالادب العربى
650 0 4 _aالقصص العلمية
650 0 4 _aالقصص العربية - الكويت
942 _2ddc
_cBK
999 _c4646
_d4646